| 000 | 00723nam a2200193Ia 4500 | ||
|---|---|---|---|
| 001 | 12241 | ||
| 003 | GE_BSU | ||
| 008 | 181216s||||||||xx |||||||||||||| ||und|| | ||
| 040 | _cGE_BSU | ||
| 245 | _aИнтродукция растении и зеленое строительство: Декоративные и другие полезные растения в природе и культуре | ||
| 245 | _cПод.ред. Головина А.Г. | ||
| 250 | _aВыпуск 8 | ||
| 260 | _aМосква | ||
| 260 | _bАкад.Наук СССР | ||
| 260 | _c1962 | ||
| 300 | _a275стр.26см.Илл. | ||
| 653 | _aИнтродукция растении и зеленое строительство | ||
| 942 | _cBK | ||
| 999 |
_c45417 _d45417 |
||